Central Library OPAC University of Rajshahi

The management of business finance / (Record no. 54779)

MARC details
000 -LEADER
fixed length control field 00816nam a2200265 a 4500
001 - CONTROL NUMBER
control field 54779
003 - CONTROL NUMBER IDENTIFIER
rucl marc code BD-RjUL
005 - DATE AND TIME OF LATEST TRANSACTION
control field 20211209080152.0
008 - FIXED-LENGTH DATA ELEMENTS--GENERAL INFORMATION
fixed length control field 161110s1966 enka b 001 0 eng
035 ## - SYSTEM CONTROL NUMBER
System control number (BD-RjUL)54901
040 ## - CATALOGING SOURCE
Original cataloging agency DLC
Transcribing agency OClU
Modifying agency OCoLC
-- BD-RjUL
Language of cataloging eng
041 ## - LANGUAGE CODE
Language code of text/sound track or separate title eng
082 ## - DEWEY DECIMAL CLASSIFICATION NUMBER
Classification number 658.15
Edition number 23
Author mark and year HAM 1966
100 1# - MAIN ENTRY--PERSONAL NAME
Personal name Hastings, Paul Guiler,
Dates associated with a name 1914-
9 (RLIN) 163307
245 14 - TITLE STATEMENT
Title The management of business finance /
Statement of responsibility, etc. by Paul G. Hastings.
260 ## - PUBLICATION, DISTRIBUTION, ETC. (IMPRINT)
Place of publication, distribution, etc. London :
Name of publisher, distributor, etc. Van Nostrand,
Date of publication, distribution, etc. c1966
300 ## - PHYSICAL DESCRIPTION
Pagination xii, 527 p. :
Illustrations ill. ;
Size 24 cm.
490 0# - SERIES STATEMENT
Series statement Van Nostrand series in business administration and economics
500 ## - GENERAL NOTE
General note Include index
650 #0 - SUBJECT ADDED ENTRY--TOPICAL TERM
Topical term or geographic name as entry element Finance.
9 (RLIN) 163308
Topical term or geographic name as entry element Budget in business.
9 (RLIN) 136593
Topical term or geographic name as entry element Corporations
General subdivision Finance.
9 (RLIN) 163309
942 ## - ADDED ENTRY ELEMENTS (KOHA)
Source of classification or shelving scheme Dewey Decimal Classification
Koha item type Books
Holdings
Lost status Source of classification or shelving scheme Damaged status Not for loan Collection code Permanent Location Current Location Shelving location Date acquired Source of acquisition Cost, normal purchase price Total Checkouts Full call number Date last seen Copy number Koha item type
  Dewey Decimal Classification     Non-fiction Central Library, University of Rajshahi Central Library, University of Rajshahi   25/05/1968 Zeitlinger 88.00   658.15 HAM 1966 10/11/2016 C-2 Books
  Dewey Decimal Classification   Not For Loan Non-fiction Central Library, University of Rajshahi Central Library, University of Rajshahi Reading Room 25/05/1968 zeitlinger 88.00   658.15 HAM 1966 03/07/2019 C-1 Books
  Dewey Decimal Classification     Non-fiction Central Library, University of Rajshahi Central Library, University of Rajshahi   03/07/2019       658.15 HAM 1966 03/07/2019 C-3 Books